000
002550000a22000970004500
100
1
_a
Milován, Guillermo
245
1
0
_a
Vida en abundacia ¿Qué es?
300
_a
Vol. 56, Núm 252 (2001), Páginas 8-10
773
0
_t
La Biblia de las Américas
942
_c
ANA
999
_c
51610
_d
51610